000 00407nam a22001697a 4500
005 20180802152430.0
008 160514b xxu||||| |||| 00| 0 eng d
020 _a81-7446-448-4
041 _aeng
082 _b2222
_a658.3
100 _aRAO,V.S.P.
_94697
245 _aHuman Resource Management
260 _aNew Delhi
_bExcel Books,
_c2010
300 _a697p,
650 _aManagement
_9241
942 _cBK
999 _c819
_d819